01006nam a22002057a 4500952010000000999001900100005001700119008004100136020001800177050001900195100004400214245010400258260003400362300001800396505019900414519009700613650003100710650005200741942000700793 00102lcc4070a12b12d2017-10-04l0oQA76.9A43 C67p24 000160r2023-09-21t1w2017-10-04yLB c102520d10252020231102152040.0171004s2011 mx bk||| |||| 00| 0 spa d a9786071505712 aQA76.9A43bC67 aCorona Nakamura, María Adrianaeautor aDiseño de algoritmoscAlejandra Margarita Méndez Girónby su codificación en lenguaje en C  aMéxicob: Alfaomegac, 2011 a326 páginas aConceptos básicos Los datos y las operaciones básicas Programación estructurada Arreglos Programación modular Registro o estructura Algoritmos de ordenamiento y búsqueda. Apuntadores  aPlan Flexible /bInformática /cAnálisis Y Diseño De Algoritmos (LI207-1)d(24 000158) 0aAlgoritmos computacionales 0aC (Lenguaje de programación para computadora) cLB